00698nam a2200205Ia 4500003000400000008004100004020002600045040000800071100002100079245008400100260004400184300001500228365001100243901002100254902003800275903005800313942001200371952009200383999001700475LDD181029s9999 xx 000 0 und d a9780195151985c495.00 cLDD aWolpert, Stanley 0aShameful flightbthe last years of the british empire in indiacStanley Wolpert aNew YorkbOxford university pressc2006 axii, 238p. b495.00 a4215b04-02-2008 aUBS7956b29-02-2008cFdUPPALe95 aDiscount-15bReqst by : Ajay Mouharkar  2ddccBK 00102ddc4070980606aLDDbLDDl0o954.0359 W893Sp063940r2018-11-01w2018-11-01yBK c80607d80607